000 00468nmm a2200169Ia 4500
008 251105s9999||||xx |||||||||||||||||und||
020 _a9788481099317
041 _aspa
100 _aLongares Alonso, Manuel
245 0 _aLas cuatro esquinas
264 _a[Madrid, España] :
_bGalaxia Gutenberg,
_c2011
300 _a310 páginas
490 _aNarrativa
650 _aSpanish narrative
856 _uhttps://public.digitaliapublishing.com/a/28848
942 _cCF
999 _c85814
_d85814